Le Caire. Avec une preface de Pierre Loti,…
محفوظ في:
المؤلف الرئيسي:
التنسيق: كتاب
اللغة: Undetermined
منشور في:
Alger
Alger : Gervais-Coutellemont
1894
الوسوم: إضافة وسم
لا توجد وسوم, كن أول من يضع وسما على هذه التسجيلة!
رقم الطلب: (R) f DT148 .L25
| LEADER | 00559nam a2200157Ia 4500 | ||
|---|---|---|---|
| 008 | 221002s9999||||xx |||||||||||||| ||und|| | ||
| 050 | 4 | |a (R) f DT148 .L25 | |
| 100 | 1 | |a Cjarles Lallemand | |
| 245 | 1 | 0 | |a Le Caire. Avec une preface de Pierre Loti,… |
| 264 | 1 | |a Alger |b Alger : Gervais-Coutellemont |c 1894 | |
| 300 | |a 126p. | ||
| 500 | |a artistique et pittoresque | ||
| 504 | |a Collection Courtellemont | ||
| 942 | |2 lcc |c BK | ||
| 952 | |0 0 |1 0 |2 lcc |4 0 |7 1 |9 43030 |a ARCE |b ARCE |d 2022-10-02 |l 0 |o (R) f DT148 .L25 |p 1035542 |r 2022-10-02 00:00:00 |w 2022-10-02 |y BK | ||
| 999 | |c 49586 |d 49586 | ||
